Insight guide : Argentina.
| Format: | Book |
|---|---|
| Published: |
London:
Apa Publications,
1999.
|
| Edition: | 3rd ed. |
| Subjects: |
| LEADER | 00454cam a2200157 7i4500 | ||
|---|---|---|---|
| 001 | 0000007703 | ||
| 005 | 20041213090000.0 | ||
| 020 | 0 | 0 | |a 9812342621 |
| 090 | 0 | 0 | |a ARGT 914.8204 |b INS |
| 245 | 0 | 0 | |a Insight guide : |b Argentina. |
| 250 | 0 | 0 | |a 3rd ed. |
| 260 | 0 | 0 | |a London: |b Apa Publications, |c 1999. |
| 300 | # | # | |a 324 p. |
| 650 | 0 | 0 | |a Voyages and travels -- |x Guidebooks -- |z Argentina |
| 651 | 0 | 0 | |a Argentina |
| 999 | |a B000010873 |b Book |c Countries |e Business Information Centre | ||


